| 000 | 00760nam a22002177a 4500 | ||
|---|---|---|---|
| 999 |
_c10210 _d10210 |
||
| 003 | AR-CdUCM | ||
| 008 | 190329b ||||| |||| 00| 0 spa d | ||
| 040 |
_aMUNICIPALIDAD PROVINCIAL DEL CUSCO _cBIBLIOTECA MUNICIPAL DEL CUSCO |
||
| 082 |
_24ed. _aES / 800 / _bL26 |
||
| 100 |
_aLarran de Vere, A. _917114 |
||
| 245 | _aSan Francisco de Asís / | ||
| 260 |
_aBuenos aires : _bAtlantida, S.A., _c1956. |
||
| 300 |
_a125 paginas ; _c17 cm. |
||
| 440 |
_aBiblioteca Billiken. _nColección verde. _926885 |
||
| 505 | _aContenido :Guelfos y Gibelinos -- El renacimiento -- El predicador -- El maestro -- Nuevas empresas ... | ||
| 650 |
_aAmérica latina _94491 |
||
| 650 |
_aMisiones _9900 |
||
| 650 |
_aFranciscanos _9899 |
||
| 942 |
_2ddc _cLIBROS |
||
| 945 | _arum | ||